Vista normal
Vista MARC
Entrada Materia (personas)
Número de registros utilizados en: 1
001 - CONTROL NUMBER
- control field: 102754
003 - CONTROL NUMBER IDENTIFIER
- control field: Co-BoUCM
005 - DATE AND TIME OF LATEST TRANSACTION
- control field: 20210316142430.0
008 - FIXED-LENGTH DATA ELEMENTS
- fixed length control field: 210316|| aca||aabn | a|a d
040 ## - CATALOGING SOURCE
- Original cataloging agency: Co-BoUCM
- Transcribing agency: Co-BoUCM
100 ## - HEADING--PERSONAL NAME
- Personal name: Du Bourg, Antoine
- Dates associated with a name: 1838-1918
670 ## - SOURCE DATA FOUND
- Source citation: Work cat.: (Co-BoUCM): Du Bourg, Antoine 1838-1918, Du champ de bataille à La Trappe. Le frère Gabriel (1835-1897)., 1909